| LEADER 00000nam 2200000uu 4500 |
| 001 210763 |
| 003 ULIBM |
| 008 020711s2014 th a 000 0 eng d |
| 020 978-0-07-171400-6
|
| 041 ^aeng
|
| 060 4 QM25 M889 2014
|
| 100 Morton, David A.
|
| 245 Anatomy coloring book for health professions/^cDavid A. Morton.
|
| 260 New York :^bMcGraw-Hill education/Medical,^c2014
|
| 300 x,374 p. :^bill ;^c27 cm.
|
| 650 4 Human Anatomy ^xAtlasas
|
| 650 4 ^aAnatomy ^xAtlasas
|
| 856 ^zAnatomy coloring book.pdf (สารบัญหนังสือ)^uhttp://library.bcnkk.ac.th/ULIB62015//_fulltext/5/210763/20160427104103_4465.pdf |
| 999 ^aใช้งานได้ทุกระบบ
|